Corrección y actualización de la Ley de enjuiciamiento civil. (Record no. 49114)

MARC details
000 -LEADER
campo de control de longitud fija 01057nam a2200241 i 4500
001 - NÚMERO DE CONTROL
campo de control 49114
003 - IDENTIFICADOR DE NÚMERO DE CONTROL
campo de control ES-MaACL
005 - FECHA Y HORA DE LA ÚLTIMA TRANSACCIÓN
campo de control 20251114120808.0
007 - CAMPO FIJO DE DESCRIPCIÓN FÍSICA--INFORMACIÓN GENERAL
campo de control de longitud fija t|
008 - DATOS DE LONGITUD FIJA--INFORMACIÓN GENERAL
campo de control de longitud fija 030708s1972 sp ||||1| spa d
080 ## - NÚMERO DE LA CLASIFICACIÓN DECIMAL UNIVERSAL
Número de la Clasificación Decimal Universal 347.9(460)
245 00 - MENCIÓN DEL TÍTULO
Título Corrección y actualización de la Ley de enjuiciamiento civil.
Número de parte o sección de la obra I /
Mención de responsabilidad, etc. [Leonardo Prieto-Castro y Ferrándiz, Eduardo Gutiérrez de Cabiedes, José Almagro Nosete ... et al.].
260 ## - PUBLICACIÓN, DISTRIBUCIÓN, ETC.
Lugar de publicación, distribución, etc. Madrid :
Nombre del editor, distribuidor, etc. Tecnos,
Fecha de publicación, distribución, etc. 1972.
300 ## - DESCRIPCIÓN FÍSICA
Extensión 1 v. (322 p.) ;
Dimensiones 25 cm.
505 8# - NOTA DE CONTENIDO CON FORMATO
Nota de contenido con formato Contiene: I. Exposición general de motivos. Parte Primera - Libro único. Disposiciones comunes a la jurisdicción contenciosa y a la voluntaria
594 ## - Nota al título y mención de responsabilidad
Nota al título y mención de responsabilidad Precede al tít.: Profesores de Derecho Procesal de las Universidades Españolas.
650 #4 - PUNTO DE ACCESO ADICIONAL DE MATERIA--TÉRMINO DE MATERIA
Término de materia o nombre geográfico como elemento de entrada Procedimiento civil-
Subdivisión geográfica España.
9 (RLIN) 16420
700 0# - ENTRADA AGREGADA--NOMBRE PERSONAL
Nombre de persona Prieto-Castro y Ferrándiz, Leonardo
9 (RLIN) 93919
700 1# - ENTRADA AGREGADA--NOMBRE PERSONAL
Nombre de persona Gutiérrez de Cabiedes y Fernández de Heredia, Eduardo.
9 (RLIN) 61114
700 1# - ENTRADA AGREGADA--NOMBRE PERSONAL
Nombre de persona Almagro Nosete, José.
9 (RLIN) 20079
852 4# - LOCALIZACIÓN
Ubicación ES-MaACL
Número de control de estantería P-1623
Holdings
Estatus retirado Estado de pérdida Estado de daño No para préstamo Biblioteca de origen Biblioteca actual Ubicación en estantería Fecha de adquisición Fuente de adquisición Total de préstamos Signatura topográfica completa Código de barras Visto por última vez Precio de reemplazo Tipo de ítem Koha
        Biblioteca del Ateneo de Madrid Biblioteca del Ateneo de Madrid Depósito 2 17/01/2008     P-1623 1051686 23/02/2023 23/02/2023 Libro impreso